000 00477nam a2200169Ia 4500
003 GCL
008 140319s9999 xx 000 0 ara d
040 _aGCL /
_cGCL
082 0 4 _aد
_b050
100 1 _aمحمد لبيب البوهى
245 1 0 _aالوجوديةوالاسلام (اقرا 25 ) /
_cمحمد لبيب البوهى
300 _a128
490 _aاقرأ
_v0
650 0 4 _aالفلسفة الاسلامية
650 0 4 _aالوجودية
942 _2ddc
_cBK
999 _c48661
_d48661